[Event "GBR-ch U12 106th"]
[Site "Torquay"]
[Date "2019.07.30"]
[Round "3"]
[White "Sequeira, Alfie"]
[Black "Liu, Jack"]
[Result "0-1"]
[WhiteElo "1157"]
[BlackElo "1259"]
[PlyCount "112"]
[EventDate "2019.07.28"]
[EventType "swiss"]
[EventRounds "7"]
[EventCountry "ENG"]
[SourceTitle "EXT 2020"]
[Source "ChessBase"]
[SourceDate "2019.10.17"]
[SourceVersion "1"]
[SourceVersionDate "2019.10.17"]
[SourceQuality "1"]

1. d4 Nf6 2. e3 g6 3. Bd3 Bg7 4. f4 0-0 5. Nf3 d6 6. b3 Nbd7 7. Bb2 c5 8. c3 cxd4 9. cxd4 Nb6 10. 0-0 Nfd5 11. Re1 Bg4 12. Nbd2 Nb4 13. Qe2 Nxd3 14. Qxd3 Rc8 15. Rac1 Qd7 16. Rxc8 Rxc8 17. Rc1 Rxc1+ 18. Bxc1 Qc6 19. Bb2 Nd5 20. a3 Nf6 21. Qc3 Bxf3 22. Qxc6 Bxc6 23. h3 Ne4 24. Nxe4 Bxe4 25. g4 f5 26. gxf5 Bxf5 27. h4 Bf6 28. b4 Bxh4 29. a4 g5 30. fxg5 Bxg5 31. b5 h5 32. Bc1 Bc2 33. a5 Bd3 34. b6 axb6 35. axb6 e5 36. dxe5 dxe5 37. Kh2 Bd8 38. Bb2 Bxb6 39. Bxe5 Bxe3 40. Bf6 Kf7 41. Bh4 b5 42. Bg3 b4 43. Kh3 b3 44. Be5 Ke6 45. Bb2 Kd5 46. Kh4 Be2 47. Kh3 Bd4 48. Ba3 b2 49. Bxb2 Bxb2 50. Kh4 Bf6+ 51. Kh3 Bg4+ 52. Kg3 Ke4 53. Kg2 Kf4 54. Kh2 h4 55. Kg2 h3+ 56. Kh2 Kf3 0-1

[Event "GBR-ch U12 106th"]
[Site "Torquay"]
[Date "2019.07.28"]
[Round "1"]
[White "Sequeira, Alfie"]
[Black "Deacon, Matthew"]
[Result "0-1"]
[WhiteElo "1157"]
[BlackElo "1495"]
[PlyCount "70"]
[EventDate "2019.07.28"]
[EventType "swiss"]
[EventRounds "7"]
[EventCountry "ENG"]
[SourceTitle "EXT 2020"]
[Source "ChessBase"]
[SourceDate "2019.10.17"]
[SourceVersion "1"]
[SourceVersionDate "2019.10.17"]
[SourceQuality "1"]

1. d4 d5 2. e3 Nf6 3. Bd3 e6 4. f4 c5 5. dxc5 Bxc5 6. Nf3 Nc6 7. c3 Bd7 8. Nbd2 Qb6 9. Nd4 Nxd4 10. cxd4 Bd6 11. h3 Bb5 12. Bxb5+ Qxb5 13. Qb3 Bb4 14. Kd1 a6 15. a3 Bxd2 16. Qxb5+ axb5 17. Bxd2 Ne4 18. Be1 b4 19. a4 Kd7 20. Rf1 b3 21. Bf2 Rhc8 22. Ra3 Rc2 23. Rxb3 Rxf2 24. Rxf2 Nxf2+ 25. Ke2 Ne4 26. Rxb7+ Ke8 27. b3 g6 28. Rc7 Kf8 29. Rc1 Rb8 30. a5 Rxb3 31. a6 Ra3 32. Rc6 Kg7 33. Rb6 h5 34. g4 Ra2+ 35. Kf3 Rf2# 0-1